000 00307nam a2200145Ia 4500
100 _aScheld/Francis
942 _cBK
654 _anumerical
245 _aSchaums outlines Numerical Analysis
260 _bMcGraw Hill
_c1989
082 _a519.4
_bSCH
300 _a471
546 _aENGLISH
999 _c32375
_d32375